| 000 | 00813cam a2200241u 4500 | ||
|---|---|---|---|
| 001 | 7755 | ||
| 003 | BD-RjUL | ||
| 005 | 20211208234452.0 | ||
| 008 | 140115s1937 ii k 000 0 eng | ||
| 035 | _a(BD-RjUL)7799 | ||
| 040 |
_aDLC _cCarP _dDLC _beng |
||
| 041 | _aeng | ||
| 082 |
_222 _a346.54066 _bBAI 1937 |
||
| 100 |
_aBASU, NRISINHADAS _qNRISINHADAS BASUB.L.ADVOCATE _924176 |
||
| 110 | 1 |
_aIndia. _kLaws, statutes, etc. [from old catalog] _9181125 |
|
| 245 | 1 | 4 |
_aThe Indian companies acts, 1913 to 1936, _bwith explanatory notes and commentaries, |
| 260 |
_aBombay, _bTimes of India Press, _c1937. |
||
| 300 |
_axli, 485 p. _bforms. _c25 cm. |
||
| 650 | 0 |
_aCorporation law _zIndia. _912910 |
|
| 700 | 1 |
_aJudah, Solomon, [from old catalog] _eed. _924178 |
|
| 942 |
_2ddc _cBK |
||
| 999 |
_c7755 _d7755 |
||